The economics of social problems : the market versus the state

Saved in:
Bibliographic Details
Main Author: Le Grand, Julian
Other Authors: Robinson, Ray
Format: Book
Language:English
Published: Houndmills : Macmillan, 1986
Edition:2nd ed.
Subjects:
Tags: Add Tag
No Tags, Be the first to tag this record!

MARC

LEADER 00000nam a2200000 i 4500
001 1/8937
008 970108s1986 eng d
020 |a 0-333-35305-6 
035 |l 10017287 
040 |a GR-MY-UA  |b gre  |e aacr 
041 0 |a eng 
082 0 |a 361.6 
100 1 |a Le Grand, Julian. 
245 1 4 |a The economics of social problems :  |b the market versus the state /  |c Julian Le Grand; Ray Robinson 
250 |a 2nd ed. 
260 |a Houndmills :   |b Macmillan,   |c 1986 
300 |a xv, 286 σ.;  |b εικ.;  |c 22 εκ. 
504 |a Περιέχει βιβλιογραφικές παραπομπές (σ. 275-279) και ευρετήριο 
650 0 0 |a Social problems  |x Economic aspects. 
700 1 |a Robinson, Ray. 
852 |a INST  |b LESVOS  |e 19970108  |h 361.6 LEG  |p 005100008722  |q 005100008722  |t BK  |y 0 
909 |a Λ  |b 005683